| 000 | 00706nam a22001937a 4500 | ||
|---|---|---|---|
| 999 |
_c182309 _d182309 |
||
| 005 | 20211109104917.0 | ||
| 010 | _aUR-11313 | ||
| 020 |
_c100.00 _a9789390789085 |
||
| 035 | _aU-9868 | ||
| 037 | _bDBAD/PUB | ||
| 082 | _a842 | ||
| 100 | _aنز ير فتح پو ر ی | ||
| 245 |
_aمنا ظر عا شق ہر گا نو ی کے نا م پچا س خطو ط _cنز ير فتح پو ر ی |
||
| 246 |
_aManazir Ashiq Harganvi Ke Nam Pachas(50) Khatoot (Urdu) _bby Nazir Fatehpuri |
||
| 260 |
_aN.Delhi _c2021 ء _bEducational Publishing House |
||
| 270 |
_aD1/16,Ansari Road,Darya Ganj, _bNew Delhi _e110002 _l - |
||
| 300 |
_a112 ص _c22 Cm(Hb) |
||
| 942 |
_2ddc _cUR _h842 _mن ز ی |
||